000 00389nam a2200133Ia 4500
005 20260328104312.0
008 260328s9999||||xx |||||||||||||| ||und||
100 _aMarkarian, Roberto
245 0 _aRevista de la Facultad de Arquitectura Diseño y Urbanismo/ R 14 /
_cRoberto Markarian
260 _bUniversidad de la República
300 _a190 p.
650 _aARQUITECTOS
942 _cBK
999 _c11020
_d11020